Wu-Tang Clan Members - Sudden Death - Statistics

General Stats
  • This quiz has been taken 187 times
  • The average score is 9 of 10
Answers on the Grid
Answers color-coded by a green-red scale on the quiz's grid according to % correct below.
Ol' Dirty Bastard
Ice Cube
RZA
Method Man
Ice-T
Nas
Chuck D
U-God
Masta Killa
GZA
André 3000
DMX
Ghostface Killah
Big Pun
Raekwon
Cappadonna
Ludacris
Busta Rhymes
Common
Inspectah Deck
 
Answer Stats
Answer % Correct
Ol' Dirty Bastard
98%
Method Man
95%
Ghostface Killah
94%
RZA
94%
GZA
89%
Inspectah Deck
89%
Raekwon
89%
Masta Killa
86%
U-God
86%
Cappadonna
76%
No matching quizzes found
Score Distribution
Percent of People with Each Score
Percentile by Number Answered
Your Score History
You have not taken this quiz